লোডিং...

Subunit enzymes;Biochemistry and functions /

গ্রন্থ-পঞ্জীর বিবরন
অন্যান্য লেখক: Ebner, KurtE (Editor)
বিন্যাস: Printed Book
ভাষা:English
প্রকাশিত: M Dekker, 1975.
LEADER 00417nam a2200121Ia 4500
008 150624b xxu||||| |||| 00| 0 eng d
245 |a Subunit enzymes;Biochemistry and functions / 
260 |b M Dekker,  |c 1975. 
300 |a 332 p. 
700 |a Ebner, KurtE  |e editor. 
942 |c BK 
999 |c 22886  |d 22886 
952 |0 1  |1 0  |4 0  |7 0  |9 22885  |a UL  |b UL  |c TR  |d 1998-09-01  |l 0  |p 33692  |r 2012-10-27  |w 2012-10-27  |y BK  |z Transferred to Dept. of Life Sciences